000 00281nam a22001217a 4500
999 _c13542
_d13542
082 _a297
_bADE
100 _aAdeel Zeerak
245 _aIslam
_ba superior system of life
260 _aCharleston
_bCreatespace
300 _a295 pages
650 _aIslam, system of life
942 _cBK